|
|
|
|
| LEADER |
00974naa a2200205 i 4500 |
| 001 |
acta82831 |
| 005 |
20240108103338.0 |
| 008 |
240108s2017 hu o 1|| hun d |
| 040 |
|
|
|a SZTE Egyetemi Kiadványok Repozitórium
|b hun
|
| 041 |
|
|
|a hun
|
| 100 |
1 |
|
|a Csík Ádám Lajos
|
| 245 |
1 |
0 |
|a 1968-as Csehszlovákia elleni intervenció a Magyar Néphadsereg szemszögéből
|h [elektronikus dokumentum] :
|b [absztrakt] /
|c Csík Ádám Lajos
|
| 260 |
|
|
|c 2017
|
| 300 |
|
|
|a 16
|
| 490 |
0 |
|
|a Móra Kárpát-medencei Interdiszciplináris Szakkollégiumi Konferencia
|v 1
|
| 650 |
|
4 |
|a Bölcsészettudományok
|
| 650 |
|
4 |
|a Történettudomány és régészet
|
| 695 |
|
|
|a Csehszlovákia története - 1968 - előadáskivonat, Magyar Honvédség - előadáskivonat, Hadtörténet - magyar - 1968 - előadáskivonat
|
| 711 |
|
|
|a I. Móra Interdiszciplináris Konferencia
|c Szeged
|d 2017. december 1-2.
|
| 856 |
4 |
0 |
|u http://acta.bibl.u-szeged.hu/82831/1/morakonf_2017_016.pdf
|z Dokumentum-elérés
|